000
00287nam a22001217a 4500
008
180911b xxu||||| |||| 00| 0 eng d
041
_a
eng
080
_a
621
100
_a
26
101
_a
eng
245
_a
Inelastic Behavior Of Load Carrying Members
_c
Smith.J.o
942
_2
udc
_c
BK
999
_c
47650
_d
47650